| 000 | 00998nam a2200241Ia 4500 | ||
|---|---|---|---|
| 005 | 20220317001226.0 | ||
| 008 | 160825s2003 ck a g 000 0 spa | ||
| 020 | _a9589298958 | ||
| 082 | 0 | 4 |
_a025.1 _bA71a3 |
| 110 | 2 |
_aArchivo General de la Nación. Bogotá _967837 |
|
| 245 | 1 | 0 |
_aApuntes para la organización del archivo general del municipio, 3 _b elaboración y presentación de las tablas de retención documental _cArchivo General de la Nación de Colombia |
| 250 | _a1a. edición | ||
| 300 |
_a14 páginas _bilustraciones _c22 cm |
||
| 610 | 2 |
_aArchivo General de la Nacional (Colombia) _967870 |
|
| 650 | 1 | 4 |
_2LEMB _aTablas de retención documental _vGuías _zColombia |
| 650 | 1 | 4 |
_2LEMB _aAdministración de archivos _vGuías _zColombia |
| 942 |
_2ddc _cBK |
||
| 264 |
_aBogotá _bArchivo General de la Nación _c2003 |
||
| 336 |
_atexto _btxt _2rdacontent |
||
| 337 |
_asin mediación _bn _2rdamedia |
||
| 338 |
_avolumen _bnc _2rdacarrier |
||
| 040 |
_aCO-BoRNBP _bspa _erda _cCO-BoRNBP |
||
| 999 |
_c6306 _d6306 |
||